000
00284nam a22001337a 4500
003
SGT
082
_a
615.53
_b
A16S
100
_a
SHIVHARE, HIRALAL.R
245
_a
AIDS & AYURVEDA
260
_a
VARANASI
_b
CHAUKHAMBA PUB
_c
2016
300
_a
142
650
_a
AYURVEDA
942
_2
ddc
_c
BK
999
_c
16534
_d
16534